| LEADER |
01052nam0a2200229 450 |
| 001 |
16868360 |
| 010 |
|
|
|a 979-10-363-5888-3
|b br.
|d 13,2
|
| 100 |
|
|
|a 20260529d2026 u u0frey01 ba
|
| 101 |
0 |
|
|a fre
|
| 102 |
|
|
|a FR
|
| 200 |
0 |
|
|a Ariol chante comme un rossignol
|f Emmanuel Guibert, Marc Boutavant
|g couleurs et lettrage, Rémi Chaurand
|
| 207 |
|
1 |
|a
|
| 210 |
|
|
|a Toulouse
|c BD Kids
|d DL 2023
|
| 215 |
|
|
|a 1 vol. (124 p.)
|c ill. en coul.
|d 21 cm
|
| 225 |
1 |
|
|a Ariol
|v 19
|
| 330 |
|
|
|a Ariol adore les chansons qu'on chante à voix haute ou dans sa tête, seul ou accompagné. Bisbille en a composée une pour lui! Entre dans la classe, assieds-toi au milieu des mamans et des papas venus écouter la chorale de monsieur Le Blount et ouvre bien tes oreilles. En avant la musique !
|
| 461 |
|
0 |
|t Ariol
|v 19
|
| 700 |
|
0 |
|a Guibert
|b Emmanuel
|f 1964-....
|4 70
|
| 701 |
|
0 |
|a Boutavant
|b Marc
|f 1970-....
|4 70
|
| 900 |
|
|
|a Bande Dessinée (enfants)
|
| 901 |
|
|
|a Jeunesse
|
| 995 |
|
|
|a Médiathèque
|c Médiathèque
|f 089021916
|h 089021916
|k BD ARI
|o p
|q j
|r az
|e Médiathèque
|